000 00966cam a2200265 i 4500
003 SA-RiAUC
005 20250531164944.0
008 250530s1987 jo g 00000 ara c
040 _aSA-RiAUC
_bara
_cSA-RiAUC
_erda
043 _aawgz---
082 0 4 _a346.62
090 _a346.62
_bب د ي
100 1 _aالبديري، هند أمين
_eمؤلف.
245 1 0 _aرد دعوى نزع الملكية :
_bنقد كتاب أربين أفنبري /
_cهند أمين البديري.
264 1 _aعمان، الأردن :
_bدار الكرمل،
_c1987
300 _a58 صفحة ؛
_c14 سم.
336 _aنص
_btxt
_2rdacontent
_3كتاب
337 _aبدون وسيط
_bn
_2rdamedia
338 _aمجلد
_bnc
_2rdacarrier
490 0 _aسلسلة دراسات الاقتصادي ؛
_v29
651 7 _aفلسطين
_xتاريخ
_2aucsh
740 0 2 _aكتاب آربين أفنبري.
942 _2ddc
_cBOOK
_n0
949 _aSA-JeALM
_d250530
_umohamedma123
_n1
999 _c8579
_d8579